| 000 | 00500nam a2200169 i 4500 | ||
|---|---|---|---|
| 001 | 128544 | ||
| 003 | ES-MaACL | ||
| 005 | 20230906193317.0 | ||
| 007 | t| | ||
| 008 | 070517s1932 sp ||||1| spa d | ||
| 100 | 1 |
_aTamayo y Rubio, Juan Antonio. _9149830 |
|
| 245 | 1 | 0 |
_aTeoría y técnica de la literatura _b: (perspectiva literaria) / _cJuan Tamayo y Rubio. |
| 250 | _a3ª ed. | ||
| 260 |
_aMadrid : _b[s.n.], _c1932 ( _fJ. Murillo) |
||
| 300 |
_a312 p. ; _c19 cm. |
||
| 852 |
_aES-MaACL _jA-1234 |
||
| 999 |
_c128544 _d128544 |
||